Géopolitique de l'Afrique (notice n° 1925105)

détails MARC
000 -LEADER
fixed length control field 01152cam a2200133 4500500
005 - DATE AND TIME OF LATEST TRANSACTION
control field 20260329023142.0
041 ## - LANGUAGE CODE
Language code of text/sound track or separate title fre
042 ## - AUTHENTICATION CODE
Authentication code dc
100 10 - MAIN ENTRY--PERSONAL NAME
Personal name Hugon, Philippe
Relator term author
245 00 - TITLE STATEMENT
Title Géopolitique de l'Afrique
260 ## - PUBLICATION, DISTRIBUTION, ETC.
Name of publisher, distributor, etc. Armand Colin,<br/>
Date of publication, distribution, etc. 2016.<br/>
520 ## - SUMMARY, ETC.
Summary, etc. Continent de la croissance et des crises, l’Afrique contrastée et plurielle est devenue un acteur géopolitique majeur des relations internationales. Après un tableau de l’histoire précoloniale et coloniale, la nouvelle édition de cet ouvrage analyse, à l’échelle du continent, mais en insistant sur la diversité des situations et des acteurs qui s’y côtoient, ses champs économiques, sociopolitiques et culturels. Elle explique enfin les défis actuels et futurs majeurs : démographie, environnement, alimentation, développement durable, insécurité, notamment dans l’arc saharo-sahélien. Cette synthèse de l’Afrique peut satisfaire aux attentes d’un large public, de lycéens et d’étudiants en classes préparatoires ou IEP.
856 41 - ELECTRONIC LOCATION AND ACCESS
Uniform Resource Identifier <a href="https://shs.cairn.info/geopolitique-de-l-afrique--9782200613464?lang=fr&redirect-ssocas=7080">https://shs.cairn.info/geopolitique-de-l-afrique--9782200613464?lang=fr&redirect-ssocas=7080</a>

Pas d'exemplaire disponible.

PLUDOC

PLUDOC est la plateforme unique et centralisée de gestion des bibliothèques physiques et numériques de Guinée administré par le CEDUST. Elle est la plus grande base de données de ressources documentaires pour les Étudiants, Enseignants chercheurs et Chercheurs de Guinée.

Adresse

627 919 101/664 919 101

25 boulevard du commerce
Kaloum, Conakry, Guinée

Réseaux sociaux

Powered by Netsen Group @ 2025